Transition from a non-self-sustained volume discharge maintained by a beam of fast electrons to a spark discharge; Russian Physics Journal; Vol. 21, № 10

Մատենագիտական մանրամասներ
Parent link:Russian Physics Journal
Vol. 21, № 10.— 1978.— P. 1375-1377
Այլ հեղինակներ: Bychkov Yu. I., Genkin S. A., Korolev Yu. D., Mesyats G. A. Gennady Andreyevich, Rabotkin V. G., Filonov A. G.
Ամփոփում:В фонде НТБ ТПУ отсутствует
Լեզու:անգլերեն
Հրապարակվել է: 1978
Խորագրեր:
Ձևաչափ: MixedMaterials Գրքի գլուխ
KOHA link:https://koha.lib.tpu.ru/cgi-bin/koha/opac-detail.pl?biblionumber=596929

MARC

LEADER 00000naa0a2200000 4500
001 596929
005 20250127104200.0
035 |a (RuTPU)RU\TPU\tpu\19990 
090 |a 596929 
100 |a 20110912d1978 k||y0rusy50 ba 
101 0 |a eng 
102 |a RU 
200 1 |a Transition from a non-self-sustained volume discharge maintained by a beam of fast electrons to a spark discharge  |f Yu. I. Bychkov [et al.] 
320 |a Lit. cit.: p. 1377 (9 tit.) 
333 |a В фонде НТБ ТПУ отсутствует 
461 |t Russian Physics Journal 
463 |t Vol. 21, № 10  |v P. 1375-1377  |d 1978 
610 1 |a труды учёных ТПУ 
701 1 |a Bychkov  |b Yu. I. 
701 1 |a Genkin  |b S. A. 
701 1 |a Korolev  |b Yu. D. 
701 1 |a Mesyats  |b G. A.  |c russian physicist  |c academican, vice-president of RAS  |c graduate of Tomsk Polytechnic Institute  |f 1936-  |g Gennady Andreyevich  |3 (RuTPU)RU\TPU\pers\28088  |4 070 
701 1 |a Rabotkin  |b V. G. 
701 1 |a Filonov  |b A. G. 
801 1 |a RU  |b 63413507  |c 20110912 
801 2 |a RU  |b 63413507  |c 20110912  |g RCR 
942 |c CR